000
00279nam a2200097Ia 4500
001
1229396
005
20250827093100.0
008
250824s9999 xx 000 0 und d
245
0
_a
MOBY DICK BEYAZ BALİNA
_c
HERMAN MELVILLE
260
_b
ALTIN KİTAPLAR YAYINLARI
999
_c
1229396
_d
1229396